| 000 | 00693nam a2200253 4500 | ||
|---|---|---|---|
| 001 | 73327 | ||
| 003 | BD-RjUL | ||
| 005 | 20211209082400.0 | ||
| 008 | 170530s1966 enka 001 0 eng d | ||
| 035 | _a(BD-RjUL)73545 | ||
| 040 |
_aBD-RjUL _beng _cBD-RjUL |
||
| 041 | _aeng | ||
| 082 |
_223 _a621.384 _bLOR 1966 |
||
| 100 | 1 |
_aLovering, W. F. _9201800 |
|
| 245 | 1 | 0 |
_aRadio communication / _c W. F. Lovering |
| 250 | _a2nd ed | ||
| 260 |
_aLondon : _bLongmans, _c1966 |
||
| 300 |
_axi, 557 p : _bill. ; _c22 cm |
||
| 490 | _aElectrical engineering series | ||
| 500 | _aIncludes Indexes | ||
| 650 | 0 |
_aRadio _9216911 |
|
| 830 | 0 |
_aElectrical engineering series _9216915 |
|
| 942 |
_2ddc _cBK |
||
| 999 |
_c73327 _d73327 |
||